An investigation of Private sector participation in solid waste management: a case of Peri Urban areas in Lusaka (Record no. 48235)

MARC details
000 -LEADER
fixed length control field 00909nam a2200169 a 4500
008 - FIXED-LENGTH DATA ELEMENTS--GENERAL INFORMATION
fixed length control field 070424s2006 ||||||||||||||||| || u
050 ## - LIBRARY OF CONGRESS CALL NUMBER
Classification number THESIS/STUDENT
100 ## - MAIN ENTRY--PERSONAL NAME
Personal name Kasengele, Justin Mutale
245 13 - TITLE STATEMENT
Title An investigation of Private sector participation in solid waste management: a case of Peri Urban areas in Lusaka
Statement of responsibility, etc. thesis by Justin Mutale Kasengele and supervised by M. Simposya
260 ## - PUBLICATION, DISTRIBUTION, ETC.
Place of publication, distribution, etc. Kitwe
Name of publisher, distributor, etc. Copperbelt University, School of Built Environment, Department of Real Estate
Date of publication, distribution, etc. 2006
300 ## - PHYSICAL DESCRIPTION
Extent x;62p.; ill
350 ## - PRICE (NR) (BK AM CF MU VM SE) [OBSOLETE]
Price 0.00
500 ## - GENERAL NOTE
General note thesis submitted in partial fulfilment for the award of Bachelor of Science degree in Real Estate
650 ## - SUBJECT ADDED ENTRY--TOPICAL TERM
Topical term or geographic name entry element SOLID WASTE--ZAMBIA
650 ## - SUBJECT ADDED ENTRY--TOPICAL TERM
Topical term or geographic name entry element PRIVATE SECTOR COOPERATION--DEVELOPING COUNTRIES--ZAMBIA
995 ## - RECOMMENDATION 995 [LOCAL, UNIMARC FRANCE]
-- 0.00
-- CBU-MAIN LIBRARY (Kitwe)
-- 1
-- 0.00
-- 1
-- AVAILABLE
-- Apr 24, 2007
-- University Collection
Holdings
Withdrawn status Lost status Source of classification or shelving scheme Damaged status Not for loan Home library Current library Shelving location Date acquired Total Checkouts Full call number Barcode Date last seen Price effective from Koha item type
          CBU-MAIN LIBRARY, KITWE. CBU-MAIN LIBRARY, KITWE.   11/30/2022   THESIS/STUDENT 03001908 11/30/2022 11/30/2022 MONOGRAPH